[Event "Challenge"]
[Site "http://www.queenalice.com/game.php?id=110208"]
[Date "2006.9.26"]
[Round "-"]
[White "tatinha"]
[Black "joelmirmuller"]
[Result "0-1"]
[WhiteElo "874"]
[BlackElo "1120"]

1. e4 Nc6 2. Qh5 Nf6 3. Qf3 Nd4 4. Qc3 Nc6 5. Nf3 Nxe4 6. Qc4 d5 7. Qa4 d4 8.
Bd3 Nc5 9. Qc4 Qd6 10. O-O e5 11. Ng5 Qe7 12. Nf3 Be6 13. Qb5 a6 14. Qxb7 Nxb7
15. Na3 Qf6 16. c3 Bd5 17. cxd4 e4 18. Bxa6 Rxa6 19. d3 exf3 20. gxf3 Qg6+ 21.
Kh1 Bxf3# 0-1

[Event "Challenge"]
[Site "http://www.queenalice.com/game.php?id=111440"]
[Date "2006.9.29"]
[Round "-"]
[White "dany"]
[Black "joelmirmuller"]
[Result "0-1"]
[WhiteElo "1155"]
[BlackElo "1128"]

1. e4 Nc6 2. d3 Ne5 3. Nf3 Ng4 4. h3 Ne5 5. Nxe5 d6 6. Ng4 Bd7 7. Bf4 Nf6 8.
Nxf6+ exf6 9. Nc3 c6 10. Be2 d5 11. O-O a5 12. exd5 cxd5 13. Nxd5 Ra6 14. Bg4 f5
15. Bh5 Bc5 16. Qe1+ Re6 17. Qd2 Bc6 18. c4 b5 19. Bc7 Qd7 20. Rae1 O-O 21. Re2
Ree8 22. Rfe1 f4 23. Re7 Qf5 24. g4 Qg5 25. Bxf4 Qh4 26. d4 Bxd5 27. Bxf7+ Bxf7
28. dxc5 Rxe7 29. cxb5 Qf6 30. c6 Rc8 31. g5 Qg6 32. Qd7 Rxe1+ 33. Kh2 Be6 34.
Qe7 Re4 35. Bg3 Bf7 36. Qd7 Ree8 37. c7 Qxg5 38. b6 Bd5 39. a4 Qg6 40. f4 Qc2+
41. Kg1 Qg2# 0-1

[Event "Challenge"]
[Site "http://www.queenalice.com/game.php?id=111568"]
[Date "2006.9.30"]
[Round "-"]
[White "Pampuche"]
[Black "joelmirmuller"]
[Result "0-1"]
[WhiteElo "1312"]
[BlackElo "1175"]

1. e4 Nc6 2. f3 Nd4 3. c3 Nb5 4. Bxb5 a6 5. Bf1 e5 6. d3 a5 7. a4 b6 8. Na3 c6
9. b4 Bd6 10. bxa5 Rxa5 11. g4 b5 12. axb5 cxb5 13. Be3 Ra4 14. c4 Qa5+ 15. Ke2
b4 16. Nc2 b3 17. Ne1 Rxa1 18. Qxb3 Rxe1+ 19. Kf2 Qa1 20. Qb6 Qa2+ 21. Kxe1 Qa3
22. c5 Qc3+ 23. Bd2 Bxc5 24. Qb8 Qa1+ 25. Ke2 Qa6 26. Qxe5+ Be7 27. Bb4 Qa2+ 28.
Ke3 Qb1 29. Qb8 Qc1+ 30. Bd2 Qc6 31. Ne2 Qb7 32. Qe5 d6 33. Qa5 Nf6 34. Bb4 d5
35. g5 Bxb4 36. Qa1 Nh5 37. Nc1 dxe4 38. fxe4 Be6 39. Nb3 Bxb3 40. Qb1 Be6 41.
Be2 g6 42. Bd1 Bd7 43. Rf1 O-O 44. Bb3 Qb6+ 45. d4 Bd6 46. e5 Bxe5 47. Qe4 Qxb3+
48. Kf2 Bf4 49. d5 f5 50. Qe7 Qb5 51. Ra1 Qxd5 52. Ra7 Qd4+ 53. Ke2 Qxa7 54. h4
Bg3 55. Kf3 Qb7+ 56. Ke3 f4+ 57. Kd4 f3 58. Kd3 f2 0-1

[Event "Challenge"]
[Site "http://www.queenalice.com/game.php?id=116851"]
[Date "2006.10.14"]
[Round "-"]
[White "joelmirmuller"]
[Black "xcorex"]
[Result "0-1"]
[WhiteElo "1120"]
[BlackElo "1623"]

1. Nc3 d5 2. Nb5 e5 3. Nf3 c6 4. Nc3 Bd6 5. Nh4 Qxh4 6. d4 Nd7 7. e4 Ndf6 8. Qd3
dxe4 9. Nxe4 Nxe4 10. Qe3 Ne7 11. Bd3 Nd5 12. Qxe4 Qxe4+ 13. Bxe4 exd4 14. c4
dxc3 15. bxc3 Nxc3 16. Bd2 Nxe4 17. Rc1 Nxd2 18. Rd1 Nc4 19. Rd4 Bb4+ 20. Ke2
Be6 21. Re4 O-O 22. g3 Bd5 23. Rf4 Rae8+ 24. Kf1 Nd2+ 25. Kg1 Re1# 0-1

[Event "Challenge"]
[Site "http://www.queenalice.com/game.php?id=118122"]
[Date "2006.10.17"]
[Round "-"]
[White "claudiocaire"]
[Black "joelmirmuller"]
[Result "1-0"]
[WhiteElo "1498"]
[BlackElo "1198"]

1. c3 e5 2. Qb3 Nf6 3. Nf3 Ng4 4. Ng5 Qxg5 5. Qd5 Qh4 6. g3 Qf6 7. f3 Nh6 8. e4
c6 9. Qb3 Qxf3 10. Rg1 Ng4 11. Rg2 Qe3+ 12. dxe3 Bc5 13. h3 Nxe3 14. Rf2 d6 15.
Qxf7+ Kd8 16. Qxg7 Re8 17. Rf7 d5 18. Bxe3 Be7 19. Bg5 Kc7 20. Bxe7 Na6 21. Bc5+
Kd8 22. Qf6+ Re7 23. Qxe7# 1-0

[Event "AUTO-BEG-34"]
[Site "http://www.queenalice.com/game.php?id=119915"]
[Date "2006.10.22"]
[Round "1"]
[White "wolframwuttkefussballgott"]
[Black "joelmirmuller"]
[Result "1-0"]
[WhiteElo "1308"]
[BlackElo "1228"]

1. e4 Nf6 2. Nc3 e5 3. Nf3 Bd6 4. Bc4 Qe7 5. Qe2 Bc5 6. Na4 b6 7. d3 d6 8. c3
Bd7 9. b3 Nh5 10. d4 exd4 11. cxd4 Bb4+ 12. Bd2 Ba3 13. Bc3 b5 14. Bxb5 Nf4 15.
Qc4 d5 16. Qxc7 O-O 17. Qxf4 Bxb5 18. Nc5 Nc6 19. Qh4 Qxe4+ 20. Nxe4 dxe4 21.
Ng5 Rae8 22. Qxh7# 1-0

[Event "AUTO-BEG-34"]
[Site "http://www.queenalice.com/game.php?id=119916"]
[Date "2006.10.22"]
[Round "1"]
[White "joelmirmuller"]
[Black "wolframwuttkefussballgott"]
[Result "0-1"]
[WhiteElo "1246"]
[BlackElo "1387"]

1. e4 d5 2. Nc3 Nf6 3. exd5 Nxd5 4. Qf3 c6 5. Ne4 e6 6. c4 Nb6 7. d3 f5 8. Qh5+
g6 9. Qf3 fxe4 10. Qxe4 Bb4+ 11. Kd1 Qe7 12. a3 Bc5 13. b4 Bxf2 14. Nf3 Na4 15.
Ke2 Nc3+ 16. Kxf2 Nxe4+ 17. dxe4 Qf6 18. c5 Qxa1 19. Be2 Rf8 20. Kg3 Qa2 21. Kf2
e5 22. Rd1 Qc2 23. Bg5 Qxe4 24. Rd8+ Kf7 25. Rxc8 Rxc8 26. h4 Qc2 27. Nxe5+ Ke6
28. Bf4 Rf8 29. g3 Qb3 30. Bc4+ Qxc4 31. Nxc4 Kd5 32. Ne3+ Kd4 33. Ke2 Kc3 34.
Be5+ Kb3 35. Nd1 Kxa3 36. Bc3 Nd7 37. Nf2 Kb3 38. Nd1 Rae8+ 39. Kd3 Rf3+ 40. Kd4
Rxg3 41. Bd2 Rg4+ 42. Kd3 Rxh4 43. Nf2 Rh2 44. Ng4 Rxd2+ 45. Kxd2 Kxb4 46. Kc2
Kxc5 47. Kc3 h5 48. Nf2 g5 49. Kb3 Nf6 50. Nh3 Re3+ 51. Kc2 Rxh3 52. Kd2 Nd5 53.
Ke2 Nf4+ 54. Kf2 a5 0-1

[Event "AUTO-BEG-34"]
[Site "http://www.queenalice.com/game.php?id=119929"]
[Date "2006.10.22"]
[Round "1"]
[White "Tutti"]
[Black "joelmirmuller"]
[Result "0-1"]
[WhiteElo "1073"]
[BlackElo "1276"]

1. c3 e5 2. Nh3 Bc5 3. Qc2 Nf6 4. Qf5 d6 5. Qf3 e4 6. Qf4 Nd5 7. Qxe4+ Be6 8. b4
Bb6 9. a4 a5 10. Nf4 Nxf4 11. Qxf4 c5 12. Qe4 f5 13. Qxe6+ Qe7 14. Qd5 g6 0-1

[Event "AUTO-BEG-34"]
[Site "http://www.queenalice.com/game.php?id=119930"]
[Date "2006.10.22"]
[Round "1"]
[White "joelmirmuller"]
[Black "Tutti"]
[Result "1-0"]
[WhiteElo "1284"]
[BlackElo "1065"]

1. e4 c6 2. Nf3 Qc7 3. Bc4 d5 4. exd5 b5 5. Bd3 cxd5 6. Nd4 Qe5+ 7. Be2 Qxd4 8.
c3 Qe5 9. d4 Qe4 10. Nd2 Qxg2 11. Rf1 Qxh2 12. Bxb5+ Nd7 13. Nf3 Qh5 14. Qd3 1-0

[Event "AUTO-OPEN-442"]
[Site "http://www.queenalice.com/game.php?id=125939"]
[Date "2006.11.6"]
[Round "1"]
[White "xavimg"]
[Black "joelmirmuller"]
[Result "1-0"]
[WhiteElo "1595"]
[BlackElo "1248"]

1. e4 Nf6 2. d3 e5 3. Nf3 Nc6 4. Nc3 Ng4 5. Ng5 Qf6 6. Qxg4 d5 7. Nxd5 Qe7 8.
Nxe7 Bxe7 9. Qg3 h6 10. Nf3 a5 11. Qxg7 Rf8 12. Qxh6 Ra6 13. Qe3 Be6 14. Be2 Nd4
15. Nxd4 exd4 16. Qxd4 Bb4+ 17. Bd2 c5 18. Qe3 a4 19. a3 Ba5 20. O-O Bc7 21.
Qxc5 Bb8 22. d4 Bd7 23. Bxa6 bxa6 24. Qb6 Bb5 25. Qxb8+ Kd7 26. Qxf8 Ke6 27. f4
Kf6 28. Qh6+ Ke7 29. d5 f6 30. e5 Kd7 31. Qxf6 Kc7 32. Ba5+ Kb7 33. Qb6+ Ka8 34.
Qd8+ Kb7 35. Rf3 Bc6 36. Rb3+ Bb5 37. d6 Kc6 38. Rd1 Kc5 39. Qb6+ Kc4 40. Qd4#
1-0

[Event "AUTO-OPEN-442"]
[Site "http://www.queenalice.com/game.php?id=125940"]
[Date "2006.11.6"]
[Round "1"]
[White "joelmirmuller"]
[Black "xavimg"]
[Result "1-0"]
[WhiteElo "1246"]
[BlackElo "1599"]

1. e4 e5 2. Bc4 Nf6 3. d3 Bc5 4. b4 Bxb4+ 5. Bd2 Bc5 6. Nc3 d6 7. Nd5 Ng4 8. Rb1
Nxf2 9. Qf3 Nxh1 10. Nb6 O-O 11. Nxa8 Bf2+ 12. Kf1 Bc5 13. Be3 Bxe3 14. Qxe3 c5
15. Bd5 Qf6+ 16. Qf3 Qe7 17. g4 Qf6 18. Ke1 Qxf3 19. Nxf3 Bxg4 20. Nh4 b6 21.
Nf5 Bxf5 22. exf5 Na6 23. Bxh1 Nb4 24. Nc7 Nxc2+ 25. Kd2 Nd4 26. a4 Nxf5 27. Nb5
a6 28. Nc3 g5 29. Rxb6 Ra8 30. Bxa8 Kf8 31. Rxa6 Ke7 32. Be4 Nd4 33. Rb6 Kd7 34.
Rb7+ Ke6 35. Ne2 Nxe2 36. Kxe2 d5 37. Bxh7 f5 38. Rb6+ Kf7 39. Bxf5 Ke7 40. Rb5
Kd6 41. Rb8 Kc7 42. Rg8 c4 43. Rxg5 c3 44. Rg1 Kc6 45. Rc1 d4 46. h4 Kc5 47. h5
Kb4 48. h6 Kb3 49. a5 Kb2 50. Kd1 Kb3 51. a6 1-0

[Event "Challenge"]
[Site "http://www.queenalice.com/game.php?id=133415"]
[Date "2006.11.25"]
[Round "-"]
[White "joelmirmuller"]
[Black "rafaelbdb"]
[Result "0-1"]
[WhiteElo "1291"]
[BlackElo "1425"]

1. d4 d5 2. Nc3 Nf6 3. e3 Nc6 4. e4 dxe4 5. Qe2 Nxd4 6. Qd2 e5 7. h3 Bb4 8. Bb5+
c6 9. Be2 O-O 10. f3 exf3 11. gxf3 Qd5 12. Nxd5 Bxd2+ 13. Bxd2 Nxc2+ 14. Kd1
Nxa1 15. Nb4 Be6 0-1